[Event "Bhubaneswar op-A 14th"]
[Site "Bhubaneswar"]
[Date "2023.06.11"]
[Round "1"]
[White "Dhanush Ram, M."]
[Black "Hemal Varshan, Andalamala"]
[Result "1-0"]
[WhiteElo "1601"]
[BlackElo "1435"]
[PlyCount "52"]
[EventDate "2023.06.11"]
[EventType "swiss"]
[EventRounds "10"]
[EventCountry "IND"]
[SourceTitle "EXT 2024"]
[Source "ChessBase"]
[SourceDate "2023.10.10"]
[SourceVersion "1"]
[SourceVersionDate "2023.10.10"]
[SourceQuality "1"]

1. e4 c5 2. Nf3 e6 3. d4 cxd4 4. Nxd4 Nf6 5. Bd3 Nc6 6. Nb3 d5 7. exd5 exd5 8. 0-0 Be7 9. Re1 0-0 10. Bg5 Be6 11. Nc3 h6 12. Bh4 Nb4 13. Nd4 Bg4 14. Bxf6 Bxd1 15. Bxe7 Qb6 16. Raxd1 Rfe8 17. Bb5 Rxe7 18. Rxe7 a6 19. Ba4 Nc6 20. Rxb7 Qxb7 21. Bxc6 Qxb2 22. Bxa8 Qxc3 23. Bxd5 Qc5 24. Bb3 Qa5 25. Nf3 Qf5 26. a3 Qf4 1-0

[Event "IND-ch U15 47th"]
[Site "New Delhi"]
[Date "2022.12.02"]
[Round "7"]
[White "Dhanush Ram, M."]
[Black "Anirudh, R."]
[Result "0-1"]
[WhiteElo "1728"]
[BlackElo "1506"]
[PlyCount "66"]
[EventDate "2022.11.28"]
[EventType "swiss"]
[EventRounds "11"]
[EventCountry "IND"]
[SourceTitle "CBM 211 Extra"]
[Source "ChessBase"]
[SourceDate "2023.01.31"]
[SourceVersion "1"]
[SourceVersionDate "2023.01.31"]
[SourceQuality "1"]

1. e4 e6 2. d4 d5 3. e5 c5 4. c3 Nc6 5. Nf3 Bd7 6. Be2 f6 7. 0-0 fxe5 8. Nxe5 Nxe5 9. dxe5 Qc7 10. Re1 Ne7 11. Na3 a6 12. b4 Nc6 13. b5 Nxe5 14. Bf4 Bd6 15. b6 Qb8 16. Bh5+ g6 17. Bxe5 Bxe5 18. Qf3 Rf8 19. Qh3 Bxh2+ 20. Kh1 Qd6 21. Bg4 Bf4 22. Bxe6 0-0-0 23. Rad1 Bxe6 24. Rxe6 Qd7 25. Nc4 Rf5 26. g4 Qxe6 27. gxf5 Qe4+ 28. Kg1 gxf5 29. Na5 h6 30. Qh5 Rg8+ 31. Kf1 Re8 32. a3 Bh2 33. a4 Qh1# 0-1

[Event "IND-ch U15 47th"]
[Site "New Delhi"]
[Date "2022.12.01"]
[Round "6"]
[White "Krishnan, Ritvik"]
[Black "Dhanush Ram, M."]
[Result "1-0"]
[WhiteElo "2266"]
[BlackElo "1728"]
[PlyCount "119"]
[EventDate "2022.11.28"]
[EventType "swiss"]
[EventRounds "11"]
[EventCountry "IND"]
[SourceTitle "CBM 211 Extra"]
[Source "ChessBase"]
[SourceDate "2023.01.31"]
[SourceVersion "1"]
[SourceVersionDate "2023.01.31"]
[SourceQuality "1"]

1. e4 c5 2. Nf3 d6 3. d4 cxd4 4. Nxd4 Nf6 5. Nc3 a6 6. h3 e5 7. Nde2 Nbd7 8. g4 h6 9. Ng3 b5 10. a3 Bb7 11. Bg2 Rc8 12. 0-0 Qc7 13. f4 g6 14. f5 g5 15. Be3 Be7 16. Bf3 Rg8 17. Kg2 Bc6 18. Qe2 Qb8 19. Rad1 Nb6 20. Rh1 Nc4 21. Bc1 Ba8 22. Nd5 Bxd5 23. exd5 Nb6 24. c3 Rc5 25. Ne4 Nxe4 26. Bxe4 Bf6 27. Be3 Rc8 28. Kf3 Qc7 29. h4 gxh4 30. Bxh6 Qe7 31. Be3 Nc4 32. Bf2 Bg5 33. a4 Qb7 34. axb5 Qxb5 35. b4 Na3 36. Rd3 a5 37. bxa5 Qxa5 38. Ra1 Rxc3 39. Be1 Rxd3+ 40. Qxd3 Qc5 41. Qxa3 Qc4 42. Qa4+ Qxa4 43. Rxa4 Ke7 44. Ra7+ Kf6 45. Rd7 Rb8 46. Rxd6+ Ke7 47. Rc6 f6 48. Rc4 Rb2 49. Rc2 Rb1 50. Rc7+ Kd8 51. Bxb1 Kxc7 52. Kg2 Kd6 53. Be4 Ke7 54. Bb4+ Kf7 55. d6 h3+ 56. Kxh3 Be3 57. Bd5+ Kg7 58. d7 Kh6 59. d8Q Bg5 60. Qh8# 1-0

[Event "IND-ch U17"]
[Site "Bhubaneswar"]
[Date "2022.07.09"]
[Round "11"]
[White "Harsh, Suresh"]
[Black "Dhanush Ram, M."]
[Result "1-0"]
[WhiteElo "2321"]
[BlackElo "1599"]
[PlyCount "81"]
[EventDate "2022.07.01"]
[EventType "swiss"]
[EventRounds "11"]
[EventCountry "IND"]
[SourceTitle "EXT 2023"]
[Source "ChessBase"]
[SourceDate "2022.10.05"]
[SourceVersion "1"]
[SourceVersionDate "2022.10.05"]
[SourceQuality "1"]

1. e4 c5 2. Nc3 d6 3. g3 g6 4. Bg2 Bg7 5. Nge2 Nc6 6. d3 e6 7. 0-0 Nge7 8. Be3 Nd4 9. Qd2 0-0 10. Rae1 Re8 11. Nd1 e5 12. c3 Nxe2+ 13. Qxe2 Be6 14. f4 Rc8 15. c4 Qd7 16. Nc3 Nc6 17. h4 exf4 18. gxf4 Nd4 19. Qd2 b5 20. cxb5 Nxb5 21. f5 gxf5 22. exf5 Bxf5 23. Nxb5 d5 24. Rxf5 Qxf5 25. Nd6 Qg4 26. Nxc8 Rxc8 27. Bf2 Rb8 28. Qg5 Qxg5 29. hxg5 Rxb2 30. Re8+ Bf8 31. Bxc5 Rb1+ 32. Kh2 f6 33. Rxf8+ Kg7 34. gxf6+ Kg6 35. Bxd5 Rb2+ 36. Kg3 Rb5 37. d4 Ra5 38. f7 Kh6 39. Rg8 Ra6 40. f8Q+ Kh5 41. Bf3# 1-0

[Event "Bengaluru Karnataka op"]
[Site "Bengaluru"]
[Date "2018.04.15"]
[Round "3"]
[White "Dhanush Ram, M."]
[Black "Gahan, MG."]
[Result "0-1"]
[WhiteElo "1352"]
[BlackElo "2281"]
[PlyCount "38"]
[EventDate "2018.04.14"]
[EventType "swiss"]
[EventRounds "10"]
[EventCountry "IND"]
[SourceTitle "CBM 184 Extra"]
[Source "ChessBase"]
[SourceDate "2018.06.28"]
[SourceVersion "1"]
[SourceVersionDate "2018.06.28"]
[SourceQuality "1"]

1. e4 c5 2. Nf3 e6 3. d4 cxd4 4. Nxd4 a6 5. Bd3 Nf6 6. 0-0 Qc7 7. c4 Bc5 8. Nb3 Ba7 9. Nc3 d6 10. Kh1 h5 11. f3 Nc6 12. Qe2 h4 13. Be3 Nh5 14. Nd2 Ng3+ 15. hxg3 hxg3+ 16. Kg1 Qe7 17. Bxa7 Rh1+ 18. Kxh1 Qh4+ 19. Kg1 Qh2# 0-1